ICE Specification for Piling and Embedded retaining walls (Record no. 532581)

000 -LEADER
fixed length control field 00479nam a22001697a 4500
003 - CONTROL NUMBER IDENTIFIER
control field NUST
005 - DATE AND TIME OF LATEST TRANSACTION
control field 20191126105549.0
008 - FIXED-LENGTH DATA ELEMENTS--GENERAL INFORMATION
fixed length control field 191126b ||||| |||| 00| 0 eng d
038 ## - RECORD CONTENT LICENSOR
Staff Name MSOHAIL
082 ## - DEWEY DECIMAL CLASSIFICATION NUMBER
Classification number 0
100 ## - MAIN ENTRY--PERSONAL NAME
Personal name The Federation of Piling Specialists, In Association with BGA and ICE
9 (RLIN) 26187
245 ## - TITLE STATEMENT
Title ICE Specification for Piling and Embedded retaining walls
250 ## - EDITION STATEMENT
Edition statement 2nd
260 ## - PUBLICATION, DISTRIBUTION, ETC.
Place of publication, distribution, etc. London
Name of publisher, distributor, etc. Thomas Telford
Date of publication, distribution, etc. c2007
300 ## - PHYSICAL DESCRIPTION
Extent 242,p;
942 ## - ADDED ENTRY ELEMENTS (KOHA)
Source of classification or shelving scheme
Koha item type Book
Holdings
Withdrawn status Lost status Source of classification or shelving scheme Damaged status Not for loan Permanent Location Current Location Date acquired Total Checkouts Barcode Date last seen Price effective from Koha item type
          School of Civil and Environmental Engineering (SCEE) School of Civil and Environmental Engineering (SCEE) 11/26/2019   NIT-12439 11/26/2019 11/26/2019 Book
© 2023 Central Library, National University of Sciences and Technology. All Rights Reserved.